Cities of San Luis Obispo County on a Map - Statistics

General Stats
  • This quiz has been taken 146 times
  • The average score is 5 of 7
Answers on the Map
Answers color-coded by a green-red scale on the quiz's map according to % correct below.
 
Answer Stats
Answer % Correct
San Luis Obispo
100%
Pismo Beach
78%
Atascadero
70%
Morro Bay
70%
Paso Robles
69%
Arroyo Grande
67%
Grover Beach
61%
No matching quizzes found
Score Distribution
Percent of People with Each Score
Percentile by Number Answered
Your Score History
You have not taken this quiz